Work ethics (Record no. 70661)

MARC details
000 -LEADER
fixed length control field 01091cam a2200241 4500
001 - CONTROL NUMBER
control field ABS65586
008 - FIXED-LENGTH DATA ELEMENTS--GENERAL INFORMATION
fixed length control field 020702n2002 000 0 eng u
035 ## - SYSTEM CONTROL NUMBER
System control number (Sirsi) u118655
100 ## - MAIN ENTRY--PERSONAL NAME
Personal name Morgan, H.
245 ## - TITLE STATEMENT
Title Work ethics
260 ## - PUBLICATION, DISTRIBUTION, ETC.
Date of publication, distribution, etc. 2002
490 ## - SERIES STATEMENT
Series statement Property Week
Volume/sequential designation 67(22) 8 June 2002, 34-35(2)
520 ## - SUMMARY, ETC.
Summary, etc. Discusses the recent scandals involving high-profile companies and questions whether an ethical policy could be helpful in order to avoid future problems. Looks at Canary Wharf Group where ethical business is crucial and pre-emptive education and discussion are thought of as preferable to retrospective disciplinary action. A device used by many companies now is the 'ethical audit' which is a method for an organisation to see how it appears from the perspective of the company's shareholders.
590 ## - LOCAL NOTE (RLIN)
Local note ABS
650 ## - SUBJECT ADDED ENTRY--TOPICAL TERM
Topical term or geographic name entry element ETHICAL BEHAVIOUR
650 ## - SUBJECT ADDED ENTRY--TOPICAL TERM
Topical term or geographic name entry element ETHICAL CONDUCT
650 ## - SUBJECT ADDED ENTRY--TOPICAL TERM
Topical term or geographic name entry element COMPANY SCANDALS
650 ## - SUBJECT ADDED ENTRY--TOPICAL TERM
Topical term or geographic name entry element COMPANY POLICY
650 ## - SUBJECT ADDED ENTRY--TOPICAL TERM
Topical term or geographic name entry element ARTHUR ANDERSON
650 ## - SUBJECT ADDED ENTRY--TOPICAL TERM
Topical term or geographic name entry element CANARY WHARF GROUP
690 ## - LOCAL SUBJECT ADDED ENTRY--TOPICAL TERM (OCLC, RLIN)
Topical term or geographic name as entry element MANAGEMENT-BUSINESS MANAGEMENT
942 ## - ADDED ENTRY ELEMENTS (KOHA)
Suppress in OPAC 0
Holdings
Withdrawn status Lost status Source of classification or shelving scheme Damaged status Not for loan Home library Current library Shelving location Date acquired Total Checkouts Full call number Barcode Date last seen Copy number Price effective from Koha item type
    Dewey Decimal Classification     London London Journal article 02/07/2002   ABS65586 118655-1001 06/08/2019 1 06/08/2019 Journal article